[Event "Turkey IS Bank Super League 2017"]
[Site "Darica-Kocaeli"]
[Date "2017.07.29"]
[Round "4"]
[White "Buyukasik, Diyap"]
[Black "Soysal, Serkan"]
[Result "1-0"]
[WhiteElo "2285"]
[BlackElo "2367"]
[Annotator "NA"]
[PlyCount "83"]
[EventType "team-tourn"]
[EventCountry "TUR"]
[SourceTitle "playchess.com"]
[Source "ChessBase"]
[SourceQuality "1"]
[TimeControl "40/5400+30:1800+30"]

1. Nf3 {[%emt 0:00:30]} d5 {[%emt 0:01:00]} 2. g3 {[%emt 0:00:30]} g6 {[%emt 0:00:30]} 3. Bg2 {[%emt 0:00:30]} Bg7 {[%emt 0:00:00]} 4. d4 {[%emt 0:00:30]} Nf6 {[%emt 0:00:00]} 5. O-O {[%emt 0:01:30]} O-O {[%emt 0:00:00]} 6. Bf4 {[%emt 0:01:30]} c5 {[%emt 0:04:00]} 7. dxc5 {[%emt 0:05:30]} Na6 {[%emt 0:01:30] LiveBook: 21 Games} 8. Qc1 {[%emt 0:07:30]} Nxc5 {[%emt 0:08:30]} 9. Be5 {[%emt 0:17:30]} b6 {[%emt 0:07:30]} 10. Rd1 $11 {[%emt 0:02:30]} Ba6 {[%emt 0:01:30]} 11. Nc3 {[%emt 0:00:30]} e6 {[%emt 0:01:30]} 12. Nd4 {[%emt 0:03:30]} Re8 {[%emt 0:48:30]} 13. Ndb5 {[%emt 0:03:30]} Nfe4 {[%emt 0:08:56]} 14. Bxg7 {[%emt 0:01:30]} Kxg7 {[%emt 0:00:31]} 15. Bxe4 {[%emt 0:25:30]} Nxe4 {[%emt 0:00:21]} 16. Qe3 {[%emt 0:06:48]} Nf6 {[%emt 0:00:36]} 17. Qe5 {[%emt 0:01:07]} Bxb5 {[%emt 0:07:52]} 18. Nxb5 {[%emt 0:00:41]} Re7 {[%emt 0:00:23]} 19. c4 {[%emt 0:06:21]} Rc8 {[%emt 0:03:31]} 20. g4 {[%emt 0:01:39]} h6 {[%emt 0:00:17]} 21. h4 {[%emt 0:00:00]} Rxc4 {[%emt 0:02:20]} 22. g5 {[%emt 0:00:56]} hxg5 {[%emt 0:00:43]} 23. hxg5 {[%emt 0:00:01]} Rg4+ {[%emt 0:00:59]} 24. Kf1 {[%emt 0:00:03]} Kg8 {[%emt 0:00:52]} 25. Qxf6 {[%emt 0:02:32]} Qd7 {[%emt 0:00:34]} 26. Rac1 {[%emt 0:00:58]} Rh4 {[%emt 0:00:32]} 27. Rc7 {[%emt 0:02:39]} Rh1+ {[%emt 0:00:30]} 28. Kg2 {[%emt 0:00:30]} Rxd1 {[%emt 0:00:00]} 29. Rxd7 {[%emt 0:00:00]} Rxd7 {[%emt 0:00:00]} 30. Nc7 {[%emt 0:00:58]} d4 {[%emt 0:01:05]} 31. Qe5 {[%emt 0:01:08]} d3 {[%emt 0:00:43]} 32. exd3 {[%emt 0:00:30]} R1xd3 {[%emt 0:00:30]} 33. Ne8 {[%emt 0:00:14]} Kf8 {[%emt 0:00:00]} 34. Nf6 {[%emt 0:00:46]} R7d6 {[%emt 0:00:31]} 35. Qb5 {[%emt 0:00:59]} Rd8 {[%emt 0:00:01]} 36. Qa6 {[%emt 0:01:28]} Rd2 {[%emt 0:00:01]} 37. b3 {[%emt 0:00:35]} b5 {[%emt 0:01:11]} 38. Qxa7 {[%emt 0:00:30]} b4 {[%emt 0:00:00]} 39. Qc5+ {[%emt 0:00:15]} Kg7 {[%emt 0:00:00]} 40. Qxb4 {[%emt 0:00:00]} Rxa2 {[%emt 0:01:01]} 41. Qc3 {[%emt 0:02:22]} Kf8 {[%emt 0:00:30]} 42. b4 {[%emt 0:00:30]} 1-0

[Event "Turkey IS Bank Super League 2017"]
[Site "Darica-Kocaeli"]
[Date "2017.07.29"]
[Round "4"]
[White "Burcu, Cagatay"]
[Black "Gundogan, Cem"]
[Result "1-0"]
[WhiteElo "2268"]
[BlackElo "2062"]
[Annotator "NA"]
[PlyCount "117"]
[EventType "team-tourn"]
[EventCountry "TUR"]
[SourceTitle "playchess.com"]
[Source "ChessBase"]
[SourceQuality "1"]
[TimeControl "40/5400+30:1800+30"]

1. d4 {[%emt 0:00:30]} e6 {[%emt 0:01:00]} 2. c4 {[%emt 0:01:30]} Bb4+ {[%emt 0:00:30]} 3. Nd2 {[%emt 0:01:30]} Nf6 {[%emt 0:12:30]} 4. Ngf3 {[%emt 0:00:00]} O-O {[%emt 0:00:30]} 5. a3 {[%emt 0:00:00]} Bxd2+ {[%emt 0:00:30]} 6. Bxd2 {[%emt 0:00:30]} Ne4 {[%emt 0:06:30]} 7. g3 {[%emt 0:05:30]} d6 $14 {[%emt 0:19:30] LiveBook: 21 Games} 8. Bg2 {[%emt 0:09:30]} Qe7 {[%emt 0:02:30]} 9. O-O {[%emt 0:07:30]} e5 {[%emt 0:23:30]} 10. Be3 {[%emt 0:07:30]} f5 {[%emt 0:02:30]} 11. dxe5 {[%emt 0:13:30]} dxe5 {[%emt 0:02:30]} 12. Qd5+ {[%emt 0:02:30]} Be6 {[%emt 0:00:30]} 13. Qxe5 {[%emt 0:05:30]} Nc6 {[%emt 0:06:00]} 14. Qb5 {[%emt 0:02:30]} a6 {[%emt 0:14:47]} 15. Qxb7 {[%emt 0:15:30]} Na5 {[%emt 0:01:07]} 16. Qb4 {[%emt 0:00:00]} Qxb4 {[%emt 0:00:24]} 17. axb4 {[%emt 0:00:00]} Nxc4 {[%emt 0:00:32]} 18. Bd4 {[%emt 0:02:30]} Rfb8 {[%emt 0:02:53]} 19. Bc3 {[%emt 0:00:30]} a5 {[%emt 0:00:56]} 20. bxa5 {[%emt 0:03:30]} Nxc3 {[%emt 0:00:53]} 21. bxc3 {[%emt 0:00:30]} Rxa5 {[%emt 0:00:25]} 22. Rxa5 {[%emt 0:00:30]} Nxa5 {[%emt 0:00:30]} 23. Nd4 {[%emt 0:00:00]} Bc4 {[%emt 0:00:32]} 24. Ra1 {[%emt 0:00:00]} Nb3 {[%emt 0:00:13]} 25. Rb1 {[%emt 0:00:30]} Rb6 {[%emt 0:00:46]} 26. Nxf5 {[%emt 0:00:30]} Kf8 {[%emt 0:00:22]} 27. Bf1 {[%emt 0:03:05]} Ra6 {[%emt 0:00:39]} 28. Ne3 {[%emt 0:05:36]} Be6 {[%emt 0:00:03]} 29. Bg2 {[%emt 0:00:02]} Ra3 {[%emt 0:00:56]} 30. Bd5 {[%emt 0:01:20]} Bxd5 {[%emt 0:00:44]} 31. Nxd5 {[%emt 0:00:30]} c6 {[%emt 0:00:00]} 32. Ne3 {[%emt 0:01:03]} Nd2 {[%emt 0:00:00]} 33. Rb2 {[%emt 0:01:47]} Ne4 {[%emt 0:00:42]} 34. c4 {[%emt 0:00:07]} Ke7 {[%emt 0:01:03]} 35. Rb7+ {[%emt 0:03:14]} Kf6 {[%emt 0:00:59]} 36. Rb6 {[%emt 0:00:30]} Ra2 {[%emt 0:00:00]} 37. Rxc6+ {[%emt 0:03:15]} Kf7 {[%emt 0:00:31]} 38. Kg2 {[%emt 0:04:04]} Nc3 {[%emt 0:00:18]} 39. Rc7+ {[%emt 0:01:02]} Kf6 {[%emt 0:00:42]} 40. Nd5+ {[%emt 0:00:57]} Nxd5 {[%emt 0:30:30]} 41. cxd5 {[%emt 0:30:30]} Rxe2 {[%emt 0:00:00]} 42. h4 {[%emt 0:00:00]} Rd2 {[%emt 0:00:00]} 43. Rd7 {[%emt 0:00:00]} h5 {[%emt 0:00:00]} 44. Kf3 {[%emt 0:00:00]} Rd1 {[%emt 0:00:00]} 45. d6 {[%emt 0:00:00]} Rd5 {[%emt 0:00:00]} 46. Rd8 {[%emt 0:00:00]} Ke6 {[%emt 0:00:00]} 47. Kg2 {[%emt 0:00:00]} Rd1 {[%emt 0:00:00]} 48. d7 {[%emt 0:00:00]} Rd5 {[%emt 0:00:00]} 49. Re8+ {[%emt 0:00:00]} Kxd7 {[%emt 0:00:00]} 50. Rg8 {[%emt 0:00:00]} Ke6 {[%emt 0:00:00]} 51. Rxg7 {[%emt 0:00:00]} Kf6 {[%emt 0:00:04]} 52. Rg8 {[%emt 0:00:00]} Ra5 {[%emt 0:00:00]} 53. Rg5 {[%emt 0:02:44]} Rxg5 {[%emt 0:00:00]} 54. hxg5+ {[%emt 0:00:30]} Kxg5 {[%emt 0:00:25]} 55. Kh3 {[%emt 0:00:00]} Kg6 {[%emt 0:02:13]} 56. Kh4 {[%emt 0:00:00]} Kh6 {[%emt 0:00:30]} 57. f3 {[%emt 0:00:00]} Kg6 {[%emt 0:00:58]} 58. f4 {[%emt 0:00:00]} Kh6 {[%emt 0:01:10]} 59. f5 {[%emt 0:00:00]} 1-0

[Event "Turkey IS Bank Super League 2017"]
[Site "Darica-Kocaeli"]
[Date "2017.07.29"]
[Round "4"]
[White "Apaydin, Fethi"]
[Black "Yelken, Mustafa"]
[Result "1-0"]
[WhiteElo "2258"]
[BlackElo "2171"]
[Annotator "NA"]
[PlyCount "130"]
[EventType "team-tourn"]
[EventCountry "TUR"]
[SourceTitle "playchess.com"]
[Source "ChessBase"]
[SourceQuality "1"]
[TimeControl "40/5400+30:1800+30"]

1. d4 {[%emt 0:00:30]} Nf6 {[%emt 0:02:00]} 2. Bg5 {[%emt 0:00:30]} d5 {[%emt 0:01:30]} 3. Nc3 {[%emt 0:03:30]} Nbd7 {[%emt 0:01:30]} 4. Qd3 {[%emt 0:02:30]} c5 {[%emt 0:01:30]} 5. O-O-O {[%emt 0:06:30]} c4 {[%emt 0:02:30]} 6. Qg3 {[%emt 0:23:30]} Qa5 $11 {[%emt 0:01:30]} 7. e4 {[%emt 0:02:30]} b5 {[%emt 0:06:30]} 8. e5 {[%emt 0:06:30]} b4 {[%emt 0:03:30]} 9. exf6 {[%emt 0:04:30]} gxf6 {[%emt 0:00:00]} 10. Nxd5 {[%emt 0:21:30]} Qxd5 {[%emt 0:04:00]} 11. Be3 {[%emt 0:00:00]} Nb6 {[%emt 0:16:30]} 12. Qf3 {[%emt 0:08:42]} Bb7 {[%emt 0:07:30]} 13. Qxd5 {[%emt 0:00:29]} Nxd5 {[%emt 0:02:30]} 14. Nh3 {[%emt 0:06:35]} e6 {[%emt 0:05:30]} 15. Nf4 {[%emt 0:03:50]} Bd6 {[%emt 0:00:30]} 16. Nh5 {[%emt 0:00:32]} Ke7 {[%emt 0:02:30]} 17. Re1 {[%emt 0:02:51]} Rhg8 {[%emt 0:04:30]} 18. Ng3 {[%emt 0:01:13]} Rac8 {[%emt 0:03:30]} 19. Kb1 {[%emt 0:00:52]} f5 {[%emt 0:01:30]} 20. Bc1 {[%emt 0:00:29]} Kd7 {[%emt 0:00:30]} 21. Be2 {[%emt 0:01:38]} Nf6 {[%emt 0:03:30]} 22. Bf3 {[%emt 0:00:25]} Bxf3 {[%emt 0:00:30]} 23. gxf3 {[%emt 0:00:02]} Nd5 {[%emt 0:00:30]} 24. Bd2 {[%emt 0:01:38]} Rg6 {[%emt 0:00:30]} 25. c3 {[%emt 0:00:16]} bxc3 {[%emt 0:01:30]} 26. bxc3 {[%emt 0:00:03]} Rh8 {[%emt 0:00:30]} 27. Kc2 {[%emt 0:00:51]} h5 {[%emt 0:00:30]} 28. Kd1 {[%emt 0:01:30]} h4 {[%emt 0:00:30]} 29. Nf1 {[%emt 0:00:00]} Rg2 {[%emt 0:02:30]} 30. Ke2 {[%emt 0:00:00]} Rb8 {[%emt 0:00:30]} 31. Ne3 {[%emt 0:00:53]} Nxe3 {[%emt 0:00:30]} 32. Kxe3 {[%emt 0:00:05]} Rb2 {[%emt 0:03:30]} 33. h3 {[%emt 0:00:28]} Rxa2 {[%emt 0:04:54]} 34. Ra1 {[%emt 0:00:05]} Rxa1 {[%emt 0:02:28]} 35. Rxa1 {[%emt 0:00:04]} Bb8 {[%emt 0:00:27]} 36. Rb1 {[%emt 0:00:04]} Bc7 {[%emt 0:00:53]} 37. Rb7 {[%emt 0:01:02]} a5 {[%emt 0:00:13]} 38. Ke2 {[%emt 0:00:19]} Kc6 {[%emt 0:00:16]} 39. Ra7 {[%emt 0:00:05]} Rg8 {[%emt 0:00:51]} 40. d5+ {[%emt 0:01:22]} exd5 {[%emt 0:00:58]} 41. Ra6+ {[%emt 0:03:07]} Kb7 {[%emt 0:11:30]} 42. Rf6 {[%emt 0:11:29]} a4 {[%emt 0:00:30]} 43. Bc1 {[%emt 0:00:52]} Rg1 {[%emt 0:00:30]} 44. Ba3 {[%emt 0:00:30]} Ra1 {[%emt 0:00:30]} 45. Bd6 {[%emt 0:00:00]} a3 {[%emt 0:08:30]} 46. Rxf7 {[%emt 0:08:10]} a2 {[%emt 0:00:00]} 47. Bxc7 {[%emt 0:03:20]} Rb1 {[%emt 0:01:00]} 48. Be5+ {[%emt 0:01:35]} Kc6 {[%emt 0:00:30]} 49. Ra7 {[%emt 0:03:00]} a1=Q {[%emt 0:00:30]} 50. Rxa1 {[%emt 0:00:30]} Rxa1 {[%emt 0:00:00]} 51. Bf6 {[%emt 0:00:00]} Rh1 {[%emt 0:00:00]} 52. Bxh4 {[%emt 0:00:04]} Rxh3 {[%emt 0:00:30]} 53. Bf6 {[%emt 0:00:31]} Rh6 {[%emt 0:00:30]} 54. Bd4 {[%emt 0:01:53]} Re6+ {[%emt 0:00:30]} 55. Kd2 {[%emt 0:00:30]} Kb5 {[%emt 0:00:00]} 56. f4 {[%emt 0:00:04]} Rh6 {[%emt 0:00:00]} 57. Kc2 {[%emt 0:03:46]} Rh3 {[%emt 0:00:30]} 58. Be3 {[%emt 0:00:30]} Ka4 {[%emt 0:00:00]} 59. Kb2 {[%emt 0:00:18]} Rh1 {[%emt 0:00:00]} 60. Kc2 {[%emt 0:01:03]} Ka3 {[%emt 0:00:30]} 61. Bc5+ {[%emt 0:00:18]} Ka2 {[%emt 0:00:00]} 62. Be3 {[%emt 0:00:32]} Rb1 {[%emt 0:00:00]} 63. Bc1 {[%emt 0:01:00]} Rxc1+ {[%emt 0:00:30]} 64. Kxc1 {[%emt 0:00:30]} Kb3 {[%emt 0:00:00]} 65. Kd2 {[%emt 0:00:00]} Kb2 {[%emt 0:00:00]} 1-0

[Event "Turkey IS Bank Super League 2017"]
[Site "Darica-Kocaeli"]
[Date "2017.07.29"]
[Round "4"]
[White "Isgandarova, Khayala"]
[Black "Kose, Ulya"]
[Result "1-0"]
[WhiteElo "2257"]
[BlackElo "1591"]
[Annotator "NA"]
[PlyCount "49"]
[EventType "team-tourn"]
[EventCountry "TUR"]
[SourceTitle "playchess.com"]
[Source "ChessBase"]
[SourceQuality "1"]
[TimeControl "40/5400+30:1800+30"]

1. e4 {[%emt 0:00:30]} c5 {[%emt 0:02:00]} 2. Nf3 {[%emt 0:00:30]} e6 {[%emt 0:00:00]} 3. d4 {[%emt 0:00:00]} cxd4 {[%emt 0:00:00]} 4. Nxd4 {[%emt 0:00:00]} a6 {[%emt 0:00:30]} 5. Bd3 {[%emt 0:00:30]} Nc6 {[%emt 0:01:30]} 6. Nxc6 {[%emt 0:01:30]} dxc6 {[%emt 0:00:30]} 7. O-O {[%emt 0:00:30]} e5 {[%emt 0:02:30]} 8. a4 {[%emt 0:01:30]} a5 {[%emt 0:05:30]} 9. Nd2 {[%emt 0:01:30]} Nf6 {[%emt 0:04:30]} 10. Nc4 {[%emt 0:03:30]} Qc7 {[%emt 0:06:30]} 11. Be3 {[%emt 0:02:30]} Nd7 $16 {[%emt 0:04:30]} 12. f4 {[%emt 0:13:30]} b5 {[%emt 0:18:30]} 13. axb5 {[%emt 0:07:30]} cxb5 {[%emt 0:03:30]} 14. Nxe5 {[%emt 0:00:30]} Nxe5 {[%emt 0:06:30]} 15. fxe5 {[%emt 0:00:30]} Qxe5 {[%emt 0:02:30]} 16. Kh1 {[%emt 0:00:30]} Bd7 {[%emt 0:02:30]} 17. Qf3 {[%emt 0:01:30]} f6 {[%emt 0:07:30]} 18. Bf4 {[%emt 0:01:30]} Qxb2 {[%emt 0:05:30]} 19. e5 {[%emt 0:01:30]} Rc8 {[%emt 0:04:30]} 20. exf6 {[%emt 0:07:30]} gxf6 {[%emt 0:12:14]} 21. Rae1+ {[%emt 0:01:30]} Kd8 {[%emt 0:02:18]} 22. Qd5 {[%emt 0:00:30]} Rc5 {[%emt 0:03:15]} 23. Qa8+ {[%emt 0:00:30]} Bc8 {[%emt 0:01:09]} 24. Qxa5+ {[%emt 0:00:30]} Kd7 {[%emt 0:00:50]} 25. Qa7+ {[%emt 0:00:00]} 1-0

[Event "Turkey IS Bank Super League 2017"]
[Site "Darica-Kocaeli"]
[Date "2017.07.29"]
[Round "4"]
[White "Avramidou, Anastasia"]
[Black "Ozbay, Ece"]
[Result "1-0"]
[WhiteElo "2247"]
[BlackElo "1970"]
[Annotator "NA"]
[PlyCount "61"]
[EventType "team-tourn"]
[EventCountry "TUR"]
[SourceTitle "playchess.com"]
[Source "ChessBase"]
[SourceQuality "1"]
[TimeControl "40/5400+30:1800+30"]

1. d4 {[%emt 0:00:30]} d5 {[%emt 0:01:00]} 2. c4 {[%emt 0:00:30]} c6 {[%emt 0:00:30]} 3. Nf3 {[%emt 0:00:00]} Nf6 {[%emt 0:00:30]} 4. Nc3 {[%emt 0:00:00]} dxc4 {[%emt 0:00:30]} 5. a4 {[%emt 0:00:30]} Bf5 {[%emt 0:00:00] LiveBook: 10757 Games} 6. Nh4 {[%emt 0:00:00]} Bg6 {[%emt 0:01:00]} 7. Nxg6 {[%emt 0:00:00]} hxg6 {[%emt 0:00:00]} 8. e3 {[%emt 0:01:30]} e6 {[%emt 0:03:00]} 9. Bxc4 {[%emt 0:00:30]} Bd6 {[%emt 0:02:30]} 10. h3 {[%emt 0:00:00]} Nbd7 {[%emt 0:02:30]} 11. Qb3 {[%emt 0:14:00]} Qb6 {[%emt 0:10:30]} 12. Qc2 $11 {[%emt 0:01:30]} a5 {[%emt 0:12:30]} 13. Bd2 {[%emt 0:22:30]} Rc8 {[%emt 0:12:30]} 14. Rd1 {[%emt 0:07:30]} O-O {[%emt 0:09:30]} 15. O-O {[%emt 0:01:30]} Bb8 {[%emt 0:07:30]} 16. Bc1 {[%emt 0:03:30]} c5 {[%emt 0:05:30]} 17. d5 {[%emt 0:22:30]} Ne5 {[%emt 0:07:30]} 18. Bb5 {[%emt 0:00:30]} g5 {[%emt 0:11:21]} 19. Ne4 {[%emt 0:06:43]} Nxe4 {[%emt 0:05:20]} 20. Qxe4 {[%emt 0:00:06]} f5 {[%emt 0:01:30]} 21. Qc2 {[%emt 0:00:05]} exd5 {[%emt 0:00:07]} 22. Rxd5 {[%emt 0:06:59]} g4 {[%emt 0:00:47]} 23. Qd1 {[%emt 0:05:04]} gxh3 {[%emt 0:01:09]} 24. Rxe5 {[%emt 0:00:32]} hxg2 {[%emt 0:04:42]} 25. Re1 {[%emt 0:03:45]} Qh6 {[%emt 0:00:24]} 26. Kxg2 {[%emt 0:00:18]} Rf6 {[%emt 0:00:38]} 27. Qd5+ {[%emt 0:00:59]} Kf8 {[%emt 0:00:01]} 28. Rh1 {[%emt 0:00:12]} Rg6+ {[%emt 0:01:19]} 29. Kf1 {[%emt 0:00:30]} Qxh1+ {[%emt 0:00:30]} 30. Qxh1 {[%emt 0:00:00]} Bxe5 {[%emt 0:00:00]} 31. Qh8+ {[%emt 0:00:00]} 1-0

[Event "Turkey IS Bank Super League 2017"]
[Site "Darica-Kocaeli"]
[Date "2017.07.29"]
[Round "4"]
[White "Kiremitciyan, Ari"]
[Black "Esen, Baris"]
[Result "1/2-1/2"]
[WhiteElo "2240"]
[BlackElo "2528"]
[Annotator "TA"]
[PlyCount "61"]
[EventType "team-tourn"]
[EventCountry "TUR"]
[SourceTitle "playchess.com"]
[Source "ChessBase"]
[SourceQuality "1"]

{[%evp 18,61,11,5,43,45,46,49,51,39,47,31,40,20,32,18,31,31,37,31,30,-2,-12,-8,-3,-13,-7,-11,-5,-45,-23,-20,0,-15,0,0,0,0,0,0,0,0,0,0,0,0]} 1. Nf3 Nf6 2. c4 b6 3. g3 Bb7 4. Bg2 g6 5. O-O Bg7 6. Nc3 {A15: English Opening: 1...Nf6} (6. d4 O-O 7. Qc2 c5 8. d5 b5 9. e4 bxc4 10. Nbd2 e6 11. dxe6 dxe6 12. e5 Nfd7 13. Nxc4 Nc6 14. Bf4 Rb8 15. Rfe1 {½-½ (47) Van Wely,L (2675)-Sokolov,I (2625) Amsterdam 2017}) 6... O-O 7. Re1 Ne4 8. Nxe4 Bxe4 9. d3 {[%cal Bd2d3,Bd3d4,Bd4d5][%mdl 32]} Bb7 10. d4 {LiveBook: 3 Games} c5 $146 ({Predecessor:} 10... Be4 11. Bh3 e6 12. Ng5 Bb7 13. d5 exd5 14. cxd5 {1-0 (40) Saravanan,V (2306)-Liang,A (2496) Caleta 2017}) 11. d5 e5 12. e4 d6 13. Rf1 Nd7 14. Rb1 Bc8 15. Qd3 Qe7 16. Bh3 Nf6 17. Bxc8 Raxc8 18. Bg5 Qd7 19. Bxf6 Bxf6 20. Kg2 Be7 21. Ng1 {[%cal Bf3g1,Bg1e2,Be2c3][%mdl 32]} f5 22. f3 f4 23. g4 h5 24. gxh5 gxh5 {The position is equal.} 25. Ne2 Kh8 26. Kh1 Bh4 27. Nc3 a6 28. Qe2 Rb8 29. a4 Rg8 30. Rg1 Kh7 31. Rxg8 {Precision: White = 55%, Black = 49%.} 1/2-1/2

[Event "Turkey IS Bank Super League 2017"]
[Site "Darica-Kocaeli"]
[Date "2017.07.29"]
[Round "4"]
[White "Uzumcu, Ahmet Utku"]
[Black "Firat, Burak"]
[Result "1/2-1/2"]
[WhiteElo "2223"]
[BlackElo "2480"]
[Annotator "TA"]
[PlyCount "234"]
[EventType "team-tourn"]
[EventCountry "TUR"]
[SourceTitle "playchess.com"]
[Source "ChessBase"]
[SourceQuality "1"]

{[%evp 9,234,8,31,24,33,28,27,4,12,0,0,0,0,0,0,-25,-22,-27,-19,-49,-48,-62,-59,-174,-180,-182,-164,-164,-171,-156,-174,-165,-136,-134,-142,-132,-136,-120,-107,-82,-75,-81,-83,-83,-83,-85,-69,-83,-33,-41,-40,-91,-107,-103,-91,-112,-94,-183,-191,-190,-115,-115,-95,-115,-115,-87,-77,-134,-133,-135,-118,-214,-219,-285,-282,-276,-259,-428,-435,-432,-432,-408,-385,-470,-399,-399,-399,-399,-399,-4133,-4133,-2435,-1439,-983,-848,-720,0,0,0,0,0,0,0,0,0,0,0,0,0,0,0,0,0,0,0,0,0,0,0,0,0,0,0,0,0,0,0,0,0,0,0,0,0,0,0,0,0,0,0,0,0,0,0,0,0,0,0,0,0,0,0,0,0,0,0,0,0,0,0,0,0,0,0,0,0,0,0,0,0,0,0,0,0,0,0,0,0,0,0,0,0,0,0,0,0,0,0,0,0,0,0,0,0,0,0,0,0,0,0,0,0,0,0,0,0,0,0,0,0,0,0,0,0,0,0,0,0,0,0,0,0,0,0,0,0,0,0]} 1. e4 e5 2. Nf3 Nc6 3. Bc4 Nf6 4. d3 h6 5. Bb3 (5. Nc3 d6 6. a4 g6 7. a5 Bg7 8. O-O O-O 9. h3 a6 10. Re1 Re8 11. Nd5 Nxd5 12. Bxd5 Be6 13. c4 Bxd5 14. cxd5 {0-1 (40) Jobava,B (2707)-Ivanchuk,V (2738) Leuven 2017}) 5... d6 6. a4 $146 {C55: Two Knights: 4 d3, 4 d4 exd4 5 e5 and Max Lange Attack} ({Predecessor:} 6. c3 g6 7. Nbd2 Bg7 8. O-O O-O 9. Re1 Re8 10. Nf1 d5 11. Qe2 a6 12. Bc2 Be6 13. Ng3 d4 14. Bd2 Nd7 15. Rec1 Qe7 16. Bd1 dxc3 17. bxc3 Nc5 {0-1 (43) Onischuk,V (2602)-Delorme,A (2513) Bastia 2016}) 6... a5 7. h3 g6 8. Nbd2 {White has an edge.} Bg7 9. c3 O-O 10. O-O Re8 11. Re1 Be6 12. Bc2 d5 13. exd5 Bxd5 14. Ne4 Nh7 15. Bb3 b6 16. Bc4 (16. Bd2 $15) 16... Bxc4 $19 17. dxc4 f5 18. Ng3 e4 {[#] Threatens to win with ...Qxd1.} 19. Nh4 Qf6 {White must now prevent ...Rad8.} 20. Qd5+ Kh8 21. Nhxf5 gxf5 22. Qxf5 Qxf5 23. Nxf5 Ng5 24. h4 Ne6 25. Rxe4 Nc5 26. Rxe8+ Rxe8 27. Be3 Nd3 28. Rd1 Rd8 29. b3 h5 30. Bg5 (30. Ng3 $15) 30... Rd7 $17 31. Ng3 Bxc3 32. Nxh5 Nc5 33. Rc1 (33. Rxd7 $17 Nxd7 34. Nf4) 33... Bd4 $19 34. Re1 Bxf2+ (34... Kg8 $19 35. Rb1 Rf7) 35. Kxf2 $17 Nd3+ 36. Ke2 {Hoping for Rf1.} Nxe1 37. Kxe1 {[%mdl 4096] Endgame KRN-KBN} Nd4 38. Nf6 {[#]} (38. Nf4 $142) 38... Re7+ $1 39. Kd1 Nxb3 40. Nd5 (40. Bf4 $17) 40... Re4 $19 41. Bf6+ Kg8 42. Nxc7 Kf7 43. Bb2 $2 (43. Nd5 {was called for.}) 43... Nc5 44. Nb5 {Strongly threatening Nd6+.} Rxh4 45. Bd4 Nxa4 46. Kc2 Nc5 47. Kc3 Rg4 48. Nd6+ Ke6 49. Bxc5 $2 (49. Nc8) 49... bxc5 {KR-KN} 50. Nb7 Rg3+ 51. Kb2 Rxg2+ 52. Kb3 Rg1 $2 (52... Rg7 $19 53. Nxa5 Ke5) 53. Nxc5+ $11 {The position is equal.} Ke5 54. Ka4 Ra1+ 55. Kb5 Rb1+ 56. Kxa5 Kd4 57. Na4 Kxc4 58. Nb6+ $1 Kc5 59. Na4+ Kc6 60. Ka6 Rb8 {[%cal Rb8a8]} 61. Ka5 $1 Rb3 62. Ka6 Rb7 (62... Rb1 {seems wilder.} 63. Ka5 Ra1 64. Kb4 Rc1 65. Kb3 Ra1) 63. Ka5 Rb8 64. Nc3 Rh8 65. Na4 Rh3 66. Ka6 Rg3 67. Ka5 $1 Rg8 68. Nc3 Ra8+ 69. Kb4 Ra7 70. Na4 Rg7 (70... Rxa4+ $5 71. Kxa4 $11) 71. Ka5 Rg4 72. Nc3 Rc4 73. Na4 Rc2 74. Ka6 Kd5 (74... Ra2 {seems wilder.} 75. Ka5 Ra1 76. Kb4 Rxa4+ 77. Kxa4 Kd6) 75. Ka5 (75. Nb6+ {is interesting.} Kd4 76. Kb7 Kc5 77. Nc8 Rd2 78. Kc7) 75... Kc4 {( -> ...Ra2)} (75... Ra2 $5 {[%cal Rd5c4]} 76. Kb4 Rf2 $15) 76. Nb6+ $1 Kb3 77. Kb5 Rh2 78. Kc6 Rh6+ 79. Kb5 Rh5+ 80. Kc6 Kb4 81. Nd5+ Kc4 (81... Rxd5 {with more complications.} 82. Kxd5 Kc3 83. Kc6 Kb3 84. Kb6 Kc3) 82. Nb6+ Kd4 83. Na4 Rh2 84. Nb6 Rh6+ 85. Kb5 Rh5+ 86. Kc6 Ra5 87. Kd6 Rc5 88. Na4 Rb5 89. Kc6 Rh5 90. Nb6 Rh6+ 91. Kb5 Rg6 92. Ka5 Rg5+ 93. Kb4 Rg8 94. Kb5 Rg6 95. Ka5 Rg1 96. Kb5 Rg5+ 97. Kc6 Rh5 98. Na4 Rh8 99. Nb6 Rg8 100. Kb5 Ke5 101. Kc5 Ke6 102. Kb5 Kd6 103. Nc4+ Ke6 104. Nb6 Rg1 105. Kc6 Rc1+ 106. Kb5 Rc7 107. Nc4 Kd5 (107... Rxc4 $5 108. Kxc4 $11) 108. Nb6+ (108. Nb2 {keeps more tension.}) 108... Kd4 109. Kb4 Rc5 110. Na4 Rg5 111. Nb6 Rf5 112. Na4 Rf8 113. Nb6 Rb8 114. Kb5 Rh8 (114... Rxb6+ $5 115. Kxb6 $11) 115. Kb4 Rb8 116. Kb5 Rxb6+ 117. Kxb6 Ke5 {Precision: White = 68%, Black = 78%.} 1/2-1/2

[Event "Turkey IS Bank Super League 2017"]
[Site "Darica-Kocaeli"]
[Date "2017.07.29"]
[Round "4"]
[White "Kinsiz, Onur"]
[Black "Ererdem, Gani Eren"]
[Result "1/2-1/2"]
[WhiteElo "2221"]
[BlackElo "2090"]
[Annotator "NA"]
[PlyCount "82"]
[EventType "team-tourn"]
[EventCountry "TUR"]
[SourceTitle "playchess.com"]
[Source "ChessBase"]
[SourceQuality "1"]
[TimeControl "40/5400+30:1800+30"]

1. e4 {[%emt 0:01:30]} c5 {[%emt 0:01:00]} 2. Nf3 {[%emt 0:00:00]} e6 {[%emt 0:00:30]} 3. g3 {[%emt 0:03:00]} Nc6 {[%emt 0:00:00]} 4. Bg2 {[%emt 0:00:00]} Nf6 {[%emt 0:00:00]} 5. Qe2 {[%emt 0:00:00]} d5 {[%emt 0:00:30]} 6. exd5 {[%emt 0:04:30]} Nxd5 {[%emt 0:00:00]} 7. O-O {[%emt 0:00:30]} Be7 {[%emt 0:00:00]} 8. Rd1 {[%emt 0:00:30]} e5 {[%emt 0:00:00]} 9. c3 {[%emt 0:17:30] LiveBook: 5 Games} Bg4 {[%emt 0:00:00]} 10. Na3 $15 {[%emt 0:01:30]} (10. h3 $11 Bh5 11. d4 exd4 12. g4) 10... O-O {[%emt 0:07:30]} 11. h3 {[%emt 0:05:30]} Bh5 {[%emt 0:00:30]} 12. d3 {[%emt 0:00:30]} f6 {[%emt 0:03:30]} 13. Nc2 {[%emt 0:11:30]} Re8 {[%emt 0:09:30]} 14. g4 {[%emt 0:18:30]} Bf7 {[%emt 0:00:30]} 15. Qf1 {[%emt 0:02:30]} Qd7 {[%emt 0:07:30]} 16. d4 {[%emt 0:08:30]} exd4 {[%emt 0:03:30]} 17. cxd4 {[%emt 0:01:30]} c4 {[%emt 0:00:30]} 18. Ne3 {[%emt 0:03:26]} b5 {[%emt 0:07:30]} 19. Ne1 {[%emt 0:00:37]} Rad8 {[%emt 0:07:30]} 20. Nxd5 {[%emt 0:04:34]} Bxd5 {[%emt 0:03:30]} 21. Be3 {[%emt 0:00:09]} Nb4 {[%emt 0:22:30]} 22. a4 {[%emt 0:04:31]} a6 {[%emt 0:02:30]} 23. axb5 {[%emt 0:00:25]} axb5 {[%emt 0:02:30]} 24. Qe2 {[%emt 0:03:29]} Bd6 {[%emt 0:02:21]} 25. Qd2 {[%emt 0:03:22]} Bxg2 {[%emt 0:05:16]} 26. Nxg2 {[%emt 0:00:30]} Nd5 {[%emt 0:00:05]} 27. Bf4 {[%emt 0:01:40]} Bb4 {[%emt 0:02:57]} 28. Qc2 {[%emt 0:00:37]} Re6 {[%emt 0:00:13]} 29. Bc1 {[%emt 0:01:50]} Rde8 {[%emt 0:01:28]} 30. Qf5 {[%emt 0:00:20]} R6e7 {[%emt 0:06:37]} 31. Qxd7 {[%emt 0:01:33]} Rxd7 {[%emt 0:00:30]} 32. Be3 {[%emt 0:00:00]} Bd6 {[%emt 0:02:52]} 33. Ra5 {[%emt 0:00:29]} Rb7 {[%emt 0:01:13]} 34. Rc1 {[%emt 0:00:18]} Bb4 {[%emt 0:00:49]} 35. Ra2 {[%emt 0:01:14]} Nxe3 {[%emt 0:00:12]} 36. fxe3 {[%emt 0:00:59]} Bd2 {[%emt 0:00:01]} 37. Rd1 {[%emt 0:00:33]} Bxe3+ {[%emt 0:00:05]} 38. Kf1 {[%emt 0:00:21]} Bh6 {[%emt 0:01:45]} 39. d5 {[%emt 0:00:29]} Kf7 {[%emt 0:00:53]} 40. Ra6 {[%emt 0:00:00]} Rd8 {[%emt 0:02:13]} 41. Rc6 {[%emt 0:04:34]} Ke7 {[%emt 0:26:04]} 1/2-1/2